000
00265nam a2200109Ia 4500
008
190216s9999||||xx |||||||||||||| ||und||
100
_a
Tuli&Amp;Soni P L
245
0
_a
Inorganic And Analytical Chemistry
260
_b
S Chand & Co
650
_a
Chemistry
942
_c
BK
999
_c
2037
_d
2037